000 01087nam a2200241 a 4500
008 120416s1990 ||||||||||||||||| || u
020 _a1557751331
050 _aHG 3851 Cho
100 _aGrauwe, Paul de
245 1 0 _aChoosing an exchange rate regime
_cedited by Victor Argy
246 _athe challenge for smaller industrial countries
260 _aWashington
_bInternational Monetary Fund
_c1990
260 _aWashington
_bInternational Monetary Fund Katholieke Universiteit Leuven Macquarie University
_c1990
300 _av, 391p. : ill.
350 _a0.00
500 _aPapers from a conference held at the Centre for European Policy Studies in Brussels, Oct. 1989. -Includes bibliographical references.
650 _aFOREIGN EXCHANGE ADMINISTRATION
650 _aFOREIGN EXCHANGE
700 _aPolak, J. J. (Jacques Jacobus), 1914-
700 _aArgy, Victor E
710 _aINTERNATIONAL MONETARY FUND(IMF)
995 _D0.00
_FCBU-MAIN LIBRARY (Kitwe)
_H1
_I17.55
_M1
_UAVAILABLE
_ZMain Library Open Access Collection
999 _c37361
_d37361